Villes/Pays #1 - Statistiques

Statistiques générales
  • Ce quiz a été pris 114 fois
  • Le résultat moyen est 13 sur 16
Statistiques - réponses
Villes Pays % Correct
Liverpool Royaume-Uni
100%
Vancouver Canada
99%
Strasbourg France
99%
Wellington Nouvelle-Zélande
99%
Porto Portugal
99%
Santiago Chili
97%
Malmö Suède
87%
Adelaïde Australie
85%
Lagos Nigéria
83%
Monterrey Mexique
75%
Bloemfontein Afrique du Sud
72%
Noursoultan Kazakhstan
66%
Dodoma Tanzanie
64%
Hyderabad Inde
63%
Surabaya Indonésie
57%
Harbin Chine
40%
Aucun quiz correspondant
Distribution des résultats
% des personnes avec chaque résultat
Percentile par nombre de réponses
Votre historique - résultats
Vous n’avez pas pris ce quiz